[Event "Open Semana Santa 2023"]
[Site "?"]
[Date "2023.04.08"]
[Round "6.52"]
[White "Vinuesa Sorli, Ruben"]
[Black "FM Cesar Maestre, Bernardo"]
[Result "1/2-1/2"]
[WhiteElo "2003"]
[BlackElo "2317"]
[PlyCount "152"]
[EventDate "2023.??.??"]

1. e4 c5 2. Nf3 d6 3. d4 cxd4 4. Nxd4 Nf6 5. Nc3 a6 6. f3 e5 7. Nb3 Be7 8. Be3
Be6 9. Qd2 h5 10. Nd5 Nxd5 11. exd5 Bf5 12. Be2 Bh4+ 13. g3 Be7 14. O-O-O Nd7
15. Na5 Qc7 16. Kb1 Bxc2+ 17. Qxc2 Qxa5 18. f4 Bf6 19. Rhf1 Qd8 20. Bd3 Rc8 21.
Qa4 g6 22. h4 exf4 23. gxf4 Bxh4 24. Bd4 Bf6 25. Bxf6 Qxf6 26. Rfe1+ Kd8 27.
Qa5+ Rc7 28. Rc1 Nc5 29. b4 Qd4 30. Red1 b6 31. Qxb6 Qb2+ 32. Kxb2 Na4+ 33. Kb3
Nxb6 34. Bxa6 Nxd5 35. Rxc7 Nxc7 36. Bf1 Kd7 37. Bh3+ f5 38. Rg1 Re8 39. Bf1
Re6 40. Bc4 d5 41. Bd3 h4 42. Kc2 Kd6 43. Rh1 d4 44. Rxh4 Nd5 45. a3 Ne3+ 46.
Kd2 Ng2 47. Rh8 Nxf4 48. Bc4 Re7 49. b5 Rc7 50. Bf1 Ra7 51. Rd8+ Kc5 52. Rc8+
Kb6 53. Rb8+ Kc7 54. Rf8 Rxa3 55. Rf7+ Kb6 56. Rf6+ Kc5 57. Rc6+ Kd5 58. Bc4+
Ke5 59. b6 Ra1 60. b7 Rb1 61. Ba6 g5 62. Rc8 g4 63. b8=Q+ Rxb8 64. Rxb8 Ne6 65.
Bc4 Ng5 66. Bd3 Kf4 67. Rf8 Ne4+ 68. Bxe4 Kxe4 69. Ke2 g3 70. Rg8 d3+ 71. Ke1
f4 72. Kf1 Kf3 73. Rd8 Ke3 74. Re8+ Kf3 75. Rd8 Ke3 76. Re8+ Kf3 1/2-1/2

[Event "Open Semana Santa 2023"]
[Site "?"]
[Date "2023.04.08"]
[Round "6.53"]
[White "FM Sinz, Bernhard"]
[Black "Torres Rebolledo, Alvaro"]
[Result "1-0"]
[WhiteElo "2313"]
[BlackElo "2105"]
[PlyCount "93"]

1. e4 e5 2. Nf3 Nc6 3. d4 exd4 4. Bc4 Nf6 5. e5 d5 6. Bb5 Nd7 7. O-O Be7 8.
Bxc6 bxc6 9. Nxd4 Nb8 10. Nc3 O-O 11. Qf3 a5 12. a4 Ra6 13. Rd1 c5 14. Nf5 d4
15. Ne4 Nc6 16. Qg4 Bxf5 17. Qxf5 Qd5 18. Re1 f6 19. Qf3 Nb4 20. exf6 Bxf6 21.
Bd2 Be5 22. Qe2 d3 23. cxd3 Bxb2 24. Bxb4 Bxa1 25. Bxc5 Bc3 26. Rc1 Rb8 27. g3
Bb4 28. Bxb4 axb4 29. Rxc7 Rc6 30. Qf3 Kh8 31. Rf7 b3 32. Qf4 Rc1+ 33. Kg2 Rg8
34. Rf5 Qc6 35. Rb5 Rb1 36. Qe5 Qc1 37. Kh3 b2 38. Ng5 Qc8+ 39. g4 Qe8 40. Rb8
Qf8 41. Rxf8 Rxf8 42. Qe4 g6 43. Qe7 Rf3+ 44. Kh4 Kg8 45. Qxh7+ Kf8 46. Nxf3
Ke8 47. Ne5 1-0

[Event "Open Semana Santa 2023"]
[Site "?"]
[Date "2023.04.08"]
[Round "6.54"]
[White "Lacamara Pasamar, Miguel"]
[Black "Olsen, Geir"]
[Result "1-0"]
[WhiteElo "1807"]
[BlackElo "1565"]
[PlyCount "103"]

1. e4 c5 2. Nf3 e6 3. d4 cxd4 4. Nxd4 Nc6 5. Nc3 Qc7 6. Be3 a6 7. Qd2 Nf6 8. f3
Be7 9. O-O-O b5 10. g4 Nxd4 11. Bxd4 Bb7 12. h4 O-O 13. Kb1 d5 14. e5 Nd7 15.
f4 f6 16. exf6 Bxf6 17. Ne2 Rac8 18. g5 Bxd4 19. Nxd4 Nc5 20. Bh3 Rce8 21. Rhf1
Bc8 22. f5 Ne4 23. Qd3 exf5 24. Bxf5 Qe5 25. Bxc8 Rxc8 26. Nf3 Qe6 27. h5 Ng3
28. Nd4 Qd6 29. Rxf8+ Rxf8 30. h6 g6 31. Ne2 Nxe2 32. Qxe2 Rd8 33. Rf1 Qd7 34.
Rd1 Re8 35. Qd2 Rd8 36. a3 Qf5 37. Qd4 Qd7 38. Re1 Ra8 39. Re5 Qf7 40. Rxd5
Qf1+ 41. Ka2 Qc4+ 42. Qxc4 bxc4 43. Rc5 Kf7 44. Rxc4 a5 45. Kb3 Ke6 46. Rc5 a4+
47. Kc3 Rb8 48. b3 Ra8 49. b4 Rf8 50. b5 Rf3+ 51. Kb4 Rf4+ 52. c4 1-0

[Event "Open Semana Santa 2023"]
[Site "?"]
[Date "2023.04.08"]
[Round "6.55"]
[White "Robledo Sanchez, Carlos"]
[Black "CM Melkevik, Johannes"]
[Result "1-0"]
[WhiteElo "2077"]
[BlackElo "1839"]
[PlyCount "47"]

1. c4 e6 2. Nf3 Nf6 3. Nc3 d5 4. e3 Be7 5. b3 O-O 6. Bb2 b6 7. cxd5 Nxd5 8. Be2
Bb7 9. O-O c5 10. d4 cxd4 11. Nxd4 Nd7 12. Rc1 Rc8 13. Nxd5 Bxd5 14. Rxc8 Qxc8
15. Nf5 exf5 16. Qxd5 Nc5 17. Bc4 Ne4 18. Rc1 Qd8 19. Qxf5 Qd2 20. Qxe4 Qxb2
21. Rb1 Qf6 22. Rd1 g6 23. Rd7 Rd8 24. Qxe7 1-0

[Event "Open Semana Santa 2023"]
[Site "?"]
[Date "2023.04.08"]
[Round "6.56"]
[White "FM Luque Saiz, Andres"]
[Black "Dura Olmos, Gines Raul"]
[Result "1/2-1/2"]
[WhiteElo "2309"]
[BlackElo "2044"]
[PlyCount "73"]

1. e4 c5 2. Nf3 g6 3. d4 cxd4 4. Qxd4 Nf6 5. Nc3 Nc6 6. Qa4 d6 7. e5 dxe5 8.
Nxe5 Bd7 9. Nxd7 Nxd7 10. Be3 Bg7 11. Be2 Nb6 12. Qe4 Bxc3+ 13. bxc3 Qd5 14.
Bf3 Qxe4 15. Bxe4 O-O 16. Rb1 Rfd8 17. O-O f5 18. Bd3 Ne5 19. Bxb6 axb6 20.
Rxb6 Nxd3 21. cxd3 Rxd3 22. Rxb7 Rxa2 23. Rxe7 Rxc3 24. Rb1 Rb3 25. Rf1 Rbb2
26. Re3 Re2 27. Rf3 Re8 28. h4 Rea8 29. Kh2 Ra1 30. Rxa1 Rxa1 31. Rf4 Kg7 32.
Rb4 Ra7 33. Kg3 Kf6 34. f3 Ra6 35. Rb7 h6 36. Kh3 h5 37. Kg3 1/2-1/2

[Event "Open Semana Santa 2023"]
[Site "?"]
[Date "2023.04.08"]
[Round "6.57"]
[White "Fuentes Guinot, Angel"]
[Black "FM Mingarro Carceller, Sergi"]
[Result "1/2-1/2"]
[WhiteElo "1941"]
[BlackElo "2308"]
[PlyCount "78"]

1. d4 Nf6 2. Nf3 d5 3. c4 e6 4. g3 dxc4 5. Qa4+ Nbd7 6. Bg2 a6 7. Qxc4 b5 8.
Qc6 Rb8 9. Bf4 Bb7 10. Qxc7 Qxc7 11. Bxc7 Rc8 12. Ba5 Rc2 13. O-O Rxb2 14. Nbd2
Ba3 15. Rfb1 Rxb1+ 16. Rxb1 Bd5 17. Ne5 Bxg2 18. Kxg2 Nxe5 19. dxe5 Nd7 20. Rb3
Bc5 21. Ne4 Bd4 22. f4 f6 23. e3 Bb6 24. Bxb6 Nxb6 25. exf6 gxf6 26. Rc3 Nc4
27. Nxf6+ Ke7 28. Ne4 Rd8 29. a4 Rd5 30. Kf3 h6 31. g4 Kf7 32. h4 Kg6 33. axb5
axb5 34. g5 hxg5 35. hxg5 Kf5 36. Ng3+ Kg6 37. Ne4 Kf5 38. Ng3+ Kg6 39. Ne4 Kf5
1/2-1/2

[Event "Open Semana Santa 2023"]
[Site "?"]
[Date "2023.04.08"]
[Round "6.58"]
[White "Sismeiro, Miguel"]
[Black "Villar Piriz, Adrian"]
[Result "1-0"]
[WhiteElo "2301"]
[BlackElo "1992"]
[PlyCount "51"]

1. e4 c5 2. Nf3 e6 3. d4 cxd4 4. Nxd4 Nf6 5. Nc3 Bb4 6. e5 Nd5 7. Bd2 Nxc3 8.
bxc3 Be7 9. Qg4 Kf8 10. Bd3 Nc6 11. Qe2 b6 12. O-O Bb7 13. a4 Rc8 14. Nb5 Ba6
15. Qh5 h6 16. Rfe1 Bxb5 17. axb5 Na5 18. Ra4 Bg5 19. f4 g6 20. Bxg6 fxg6 21.
Qxg6 Be7 22. f5 Bg5 23. fxe6 Qe8 24. Rf1+ Ke7 25. Bxg5+ hxg5 26. Qf6# 1-0

[Event "Open Semana Santa 2023"]
[Site "?"]
[Date "2023.04.08"]
[Round "6.59"]
[White "Ontanon Gomez, Jesus"]
[Black "IM Candela Perez, Jose"]
[Result "1/2-1/2"]
[WhiteElo "1917"]
[BlackElo "2299"]
[Annotator "Usuario"]
[PlyCount "128"]

1. e4 c5 2. Nf3 d6 3. d4 cxd4 4. Nxd4 Nf6 5. Nc3 a6 6. a4 e6 7. Be2 Be7 8. O-O
O-O 9. Be3 Qc7 10. Kh1 Nc6 11. f4 Re8 12. Qe1 Nb4 13. Rc1 b6 14. Bf3 Bb7 15.
Qf2 Nd7 16. Rfd1 Rac8 17. Rd2 Qb8 18. Nb3 Nc5 19. Rcd1 Qa8 20. Nxc5 bxc5 21. g3
f5 22. Qg2 Bf6 23. Rxd6 Bxc3 24. bxc3 Na2 25. Qd2 Bxe4 26. Bxe4 Qxe4+ 27. Kg1
Qc4 28. Qd3 Qxd3 29. R6xd3 Re7 30. Rd8+ Rxd8 31. Rxd8+ Kf7 32. Bxc5 Rc7 33. Bb4
Nxc3 34. Bxc3 Rxc3 35. Rd6 h6 36. Rxa6 $11 g5 37. Ra7+ Kg6 38. Re7 Kf6 39. Rh7
Kg6 40. Re7 Rc6 41. c4 gxf4 42. gxf4 Kf6 43. Rh7 Kg6 44. Re7 Kf6 45. Rh7 Rxc4
46. Rxh6+ Ke7 47. Rh4 $11 Rxa4 48. Kg2 Kd6 49. Kg3 Kd5 50. Rh8 Ke4 51. Re8 Ra3+
52. Kg2 Kxf4 53. Rxe6 Ra2+ 54. Kg1 Kf3 55. Re1 Rg2+ 56. Kh1 Rg5 57. Ra1 f4 58.
Ra3+ Ke2 59. Ra2+ Ke3 60. Ra3+ Kd2 61. Ra2+ Ke1 62. Ra1+ Ke2 63. Ra2+ Kf3 64.
Ra3+ Ke2 $11 1/2-1/2

[Event "Open Semana Santa 2023"]
[Site "?"]
[Date "2023.04.08"]
[Round "6.60"]
[White "Moreno Alcaraz, Jose Javier"]
[Black "IM Minzer, Claudio Javier"]
[Result "0-1"]
[WhiteElo "2060"]
[BlackElo "2417"]
[PlyCount "60"]

1. e4 e6 2. d4 d5 3. Nc3 Bb4 4. e5 c5 5. a3 Bxc3+ 6. bxc3 Qa5 7. Bd2 Qa4 8. Qb1
c4 9. Nf3 Nc6 10. h4 Bd7 11. h5 O-O-O 12. h6 gxh6 13. Bxh6 Nxh6 14. Rxh6 Rdg8
15. g3 Qa5 16. Kd2 Rg6 17. Rh5 f5 18. Bh3 h6 19. Qe1 Nd8 20. Qe3 Nf7 21. g4
fxg4 22. Qf4 Rf8 23. Bxg4 Qd8 24. Nh4 Rg5 25. Nf3 Nd6 26. Nxg5 Rxf4 27. Nxe6
Qg8 28. Nxf4 Qxg4 29. exd6 Qxf4+ 30. Ke1 Qf3 0-1

[Event "Open Semana Santa 2023"]
[Site "?"]
[Date "2023.04.08"]
[Round "6.61"]
[White "IM Lopez Mulet, Inigo"]
[Black "WFM Jimenez Fernandez, Rebeca"]
[Result "1-0"]
[WhiteElo "2403"]
[BlackElo "2053"]
[PlyCount "131"]

1. d4 Nf6 2. c4 e6 3. g3 c5 4. Nf3 cxd4 5. Nxd4 Nc6 6. Bg2 Bc5 7. Nb3 Be7 8.
Nc3 O-O 9. O-O d6 10. Nd4 Nxd4 11. Qxd4 a6 12. a4 Qc7 13. a5 Bd7 14. Rd1 Rac8
15. b3 d5 16. Bf4 Qc5 17. Qxc5 Rxc5 18. Na4 Rxa5 19. Bd2 Bxa4 20. Bxa5 Bxb3 21.
Rdb1 dxc4 22. Bxb7 Nd5 23. e4 Nb4 24. Bxb4 Bxb4 25. Rxa6 Bd2 26. Rc6 g6 27. Ba6
Rd8 28. Bxc4 Bc2 29. Rb2 Bxe4 30. Rcb6 Rd4 31. Bf1 Ba5 32. R6b5 Be1 33. Bg2 Bf5
34. Bf3 Rd3 35. R5b3 Rd7 36. Kf1 Ba5 37. Ra3 Bd8 38. g4 Bd3+ 39. Kg1 Bc4 40.
Rc3 Bd5 41. Rd3 Bg5 42. Bxd5 exd5 43. Rb5 Ra7 44. Rbxd5 Bf4 45. h4 Kg7 46. Rd7
Ra1+ 47. Kg2 h6 48. Rb3 Ra6 49. Rf3 g5 50. h5 Ra4 51. Rb3 Be5 52. f3 Ra2+ 53.
Kf1 Ra6 54. Rbb7 Rf6 55. Ke2 Bg3 56. Rb5 Re6+ 57. Kd3 Rf6 58. Rf5 Rxf5 59. gxf5
Kf6 60. Ke4 Kg7 61. Ra7 Bf4 62. Ra6 f6 63. Kd5 Be5 64. Ke6 Bb2 65. Ra7+ Kg8 66.
Rf7 1-0

[Event "Open Semana Santa 2023"]
[Site "?"]
[Date "2023.04.08"]
[Round "6.62"]
[White "Cebrian Flores, Juan Antonio"]
[Black "FM Czopor, Maciej"]
[Result "0-1"]
[WhiteElo "2045"]
[BlackElo "2403"]
[PlyCount "58"]

1. d4 Nf6 2. c4 b6 3. Nc3 Bb7 4. Nf3 e6 5. e3 Bb4 6. a3 Bxc3+ 7. bxc3 O-O 8. a4
d6 9. Be2 Nc6 10. Ba3 Re8 11. O-O e5 12. Qc2 e4 13. Nd2 Ne7 14. c5 dxc5 15.
dxc5 Ng6 16. Rfd1 Qc8 17. a5 bxc5 18. Bxc5 Qf5 19. Nb3 Nh4 20. a6 Bd5 21. c4
Be6 22. Ra5 Qg6 23. g3 Bg4 24. Nd4 Nd7 25. Kh1 Re5 26. Bb4 c5 27. Nc6 Bxe2 28.
Rxd7 Bf3+ 29. Kg1 Qxc6 0-1

[Event "Open Semana Santa 2023"]
[Site "?"]
[Date "2023.04.08"]
[Round "6.63"]
[White "Houhou, Alexandre"]
[Black "IM Camacho Collados, Jose"]
[Result "1/2-1/2"]
[WhiteElo "2038"]
[BlackElo "2400"]
[PlyCount "100"]
[EventDate "2023.??.??"]

1. e4 c5 2. Nf3 e6 3. d4 cxd4 4. Nxd4 Nf6 5. Nc3 Nc6 6. Nxc6 bxc6 7. e5 Nd5 8.
Ne4 Bb7 9. Be2 c5 10. O-O Qc7 11. Nd6+ Bxd6 12. exd6 Qc6 13. f3 c4 14. Qd4 O-O
15. Bxc4 Qxd6 16. b3 Qb6 17. Bb2 Nb4 18. Rf2 Qxd4 19. Bxd4 a5 20. Rd1 Rfc8 21.
a3 Nc6 22. Bb2 d5 23. Bd3 Ba6 24. f4 Ne7 25. g4 f5 26. h3 Bxd3 27. Rxd3 Kf7 28.
a4 Rc6 29. Ba3 Rac8 30. Bxe7 Kxe7 31. gxf5 Rxc2 32. Re3 d4 33. Rxe6+ Kf7 34.
Rd6 Rc1+ 35. Rf1 R1c3 36. Rxd4 Rxb3 37. Rf2 Rc5 38. Rd7+ Kf6 39. Rg2 Rc1+ 40.
Kh2 Rcc3 41. Rgxg7 Kxf5 42. Rdf7+ Ke4 43. Re7+ Kf3 44. Rg3+ Kxf4 45. Rf7+ Ke4
46. Rxc3 Rxc3 47. Rxh7 Ra3 48. Rh5 Ra2+ 49. Kg3 Ra3+ 50. Kg2 Ra2+ 1/2-1/2

[Event "Open Semana Santa 2023"]
[Site "?"]
[Date "2023.04.08"]
[Round "6.64"]
[White "FM Guerrero Vargas, Andres Jesus"]
[Black "Navarro Martinez, Victor"]
[Result "1-0"]
[WhiteElo "2328"]
[BlackElo "2051"]
[PlyCount "51"]
[EventDate "2023.??.??"]

1. e4 e5 2. Nf3 Nc6 3. Bc4 Nf6 4. d3 Bc5 5. c3 a5 6. O-O d6 7. Bg5 h6 8. Bh4 g5
9. Bg3 Ba7 10. Re1 O-O 11. Na3 Bg4 12. Nc2 h5 13. h3 h4 14. Bh2 Bh5 15. Ne3 g4
16. hxg4 Nxg4 17. d4 Nxh2 18. Kxh2 exd4 19. cxd4 Nxd4 20. Be2 Ne6 21. Qd2 Qf6
22. Nd5 Qg7 23. Nxh4 Bxf2 24. Nf5 Qh7 25. Nf6+ Kh8 26. Nxh7 1-0

[Event "Open Semana Santa 2023"]
[Site "?"]
[Date "2023.04.08"]
[Round "6.65"]
[White "FM Neagu, Roberto Florin"]
[Black "FM Van Hoolandt, Patrick"]
[Result "1-0"]
[WhiteElo "2314"]
[BlackElo "2046"]
[PlyCount "107"]

1. Nf3 d5 2. c4 e6 3. g3 Nf6 4. Bg2 d4 5. O-O c5 6. d3 Nc6 7. e3 Be7 8. exd4
cxd4 9. a3 a5 10. Re1 O-O 11. Ne5 Nxe5 12. Rxe5 Nd7 13. Re1 e5 14. Nd2 Qc7 15.
Nf3 Bf6 16. g4 g6 17. Bh6 Rd8 18. b4 axb4 19. axb4 Rxa1 20. Qxa1 Nb8 21. h3 Na6
22. Qb1 b6 23. Bg5 Bxg5 24. Nxg5 Qe7 25. Nf3 Qxb4 26. Nxe5 Re8 27. Qxb4 Nxb4
28. Rb1 Na6 29. Nc6 Nc5 30. Nxd4 Nxd3 31. Rxb6 Re1+ 32. Kh2 Be6 33. Nxe6 fxe6
34. Kg3 g5 35. Rb5 h6 36. h4 gxh4+ 37. Kxh4 Nxf2 38. c5 Rc1 39. c6 Rc4 40. Bf3
Nxg4 41. Bxg4 Rxc6 42. Rb7 Kf8 43. Kh5 Rc1 44. Kxh6 Rf1 45. Kg6 Ke8 46. Bxe6
Kf8 47. Bf5 Rd1 48. Kf6 Rd8 49. Rh7 Kg8 50. Rg7+ Kh8 51. Be6 Rb8 52. Rg1 Rb7
53. Ra1 Rc7 54. Ra8+ 1-0

[Event "Open Semana Santa 2023"]
[Site "?"]
[Date "2023.04.08"]
[Round "6.66"]
[White "IM Campos Gambuti, Luis Maria"]
[Black "Aymerich Rosell, Pablo"]
[Result "1/2-1/2"]
[WhiteElo "2311"]
[BlackElo "2037"]
[PlyCount "35"]

1. d4 Nf6 2. Nf3 g6 3. c4 Bg7 4. e3 O-O 5. Be2 c5 6. O-O cxd4 7. Nxd4 Nc6 8. c5
Nxd4 9. Qxd4 b6 10. cxb6 axb6 11. Nc3 d5 12. Qb4 Ba6 13. Bxa6 Rxa6 14. Rd1 e6
15. e4 Qa8 16. exd5 Nxd5 17. Nxd5 exd5 18. Be3 1/2-1/2

[Event "Open Semana Santa 2023"]
[Site "?"]
[Date "2023.04.08"]
[Round "6.67"]
[White "Gonzalvez Tamarit, Ruben"]
[Black "IM Cruz, Filemon"]
[Result "0-1"]
[WhiteElo "2028"]
[BlackElo "2284"]
[PlyCount "50"]

1. e4 e6 2. d4 d5 3. Bd3 dxe4 4. Bxe4 Nf6 5. Bf3 Nbd7 6. Ne2 e5 7. Nbc3 Bd6 8.
Be3 O-O 9. O-O Re8 10. Ng3 exd4 11. Bxd4 Ne5 12. Nb5 c6 13. Nxd6 Qxd6 14. Bxe5
Qxe5 15. c3 Be6 16. Re1 Qa5 17. Ne4 Nxe4 18. Bxe4 g6 19. Qc2 Rad8 20. b3 Rd6
21. Rad1 Red8 22. Rxd6 Rxd6 23. Bd3 Qd8 24. Re3 Bf5 25. Qe2 Kf8 0-1

[Event "Open Semana Santa 2023"]
[Site "?"]
[Date "2023.04.08"]
[Round "6.68"]
[White "Rey Martinez, Jaime"]
[Black "CM Menac Comas, Joan Ramon"]
[Result "1-0"]
[WhiteElo "2283"]
[BlackElo "2022"]
[PlyCount "91"]

1. e4 c5 2. Nf3 g6 3. d4 cxd4 4. Nxd4 Nf6 5. Nc3 Nc6 6. Nxc6 bxc6 7. e5 Ng8 8.
Bc4 Bg7 9. Bf4 Qa5 10. Qe2 Nh6 11. O-O O-O 12. Rfe1 Nf5 13. Rad1 Rb8 14. Bb3 d5
15. exd6 exd6 16. Ne4 Ba6 17. Qg4 Rbe8 18. Bd2 Qd8 19. Bg5 Qa5 20. c3 h5 21.
Qf3 Kh8 22. g4 Nd4 23. cxd4 Rxe4 24. Rxe4 Qxg5 25. Qf4 Qxf4 26. Rxf4 Be2 27.
Re1 Bxg4 28. Re7 f5 29. d5 c5 30. Ra4 Bxb2 31. Raxa7 Rb8 32. Rab7 Ra8 33. Rh7+
Kg8 34. Rh6 Be5 35. Rxg6+ Kf8 36. Kg2 c4 37. Bxc4 Rc8 38. Bd3 Rc3 39. Rb3 Rc5
40. f3 Kf7 41. Re6 Rxd5 42. fxg4 hxg4 43. Bxf5 Rd2+ 44. Kf1 Bxh2 45. Rb7+ Kf8
46. Bg6 1-0

[Event "Open Semana Santa 2023"]
[Site "?"]
[Date "2023.04.08"]
[Round "6.69"]
[White "Sanleon Pravisano, Nieves"]
[Black "FM Villuendas Valero, Adrian"]
[Result "0-1"]
[WhiteElo "2020"]
[BlackElo "2262"]
[PlyCount "138"]

1. d4 e6 2. c4 Nf6 3. Nf3 Bb4+ 4. Bd2 Qe7 5. g3 Bxd2+ 6. Nbxd2 d6 7. Bg2 e5 8.
e4 O-O 9. O-O Nc6 10. d5 Nb8 11. Ne1 a5 12. Nd3 Na6 13. Qc2 Bd7 14. Rae1 Nb4
15. Qb1 b5 16. b3 Rfb8 17. a3 bxc4 18. Nxc4 Nxd3 19. Qxd3 Bb5 20. Bh3 Ra6 21.
Rb1 c5 22. Rfc1 Qb7 23. Bf1 Bxc4 24. bxc4 Rb6 25. Rb5 Rxb5 26. cxb5 Nd7 27. a4
Nb6 28. Qd1 Qe7 29. Bc4 Qg5 30. h4 Qg6 31. Qc2 Qh6 32. Rf1 g6 33. Kg2 Rf8 34.
Ba2 Qh5 35. Qd2 Ra8 36. Bb3 Qg4 37. f3 Qd7 38. h5 Qe7 39. Qe3 Re8 40. Qd2 Ra8
41. Qe3 Qf6 42. Rh1 Kf8 43. hxg6 hxg6 44. Kf1 Ke7 45. Ke2 Rh8 46. Qg1 Rxh1 47.
Qxh1 Qg5 48. Qe1 Nd7 49. g4 Qf4 50. Qxa5 Qh2+ 51. Kd3 Qf2 52. Qd2 Qxf3+ 53. Qe3
c4+ 54. Bxc4 Nc5+ 55. Kd2 Nxe4+ 56. Kd3 Nf2+ 57. Kd2 Ne4+ 58. Kd3 Nc5+ 59. Kd2
Qxg4 60. Kc3 Nxa4+ 61. Kb4 Nc5 62. b6 Qf4 63. Qa3 Nd7 64. b7 Qd2+ 65. Kb5 Qd4
66. Qa6 Qb2+ 67. Ka5 Qa3+ 68. Kb5 Qb2+ 69. Ka5 Nc5 0-1

[Event "Open Semana Santa 2023"]
[Site "?"]
[Date "2023.04.08"]
[Round "6.70"]
[White "FM Moral Garcia, Serafin"]
[Black "Follana Albelda, Lucia"]
[Result "1/2-1/2"]
[WhiteElo "2258"]
[BlackElo "2018"]
[PlyCount "63"]

1. c4 c5 2. Nc3 Nc6 3. g3 g6 4. Bg2 Bg7 5. a3 d6 6. Rb1 e6 7. b4 Nge7 8. e3 Rb8
9. Nge2 b6 10. O-O O-O 11. d4 cxd4 12. exd4 e5 13. Be3 Bf5 14. Rb2 Rc8 15. d5
Nd4 16. Nxd4 exd4 17. Bxd4 Rxc4 18. Bxg7 Kxg7 19. Qb3 Rc8 20. Nb5 Qd7 21. Nd4
Bh3 22. Bxh3 Qxh3 23. Re2 Nf5 24. Nc6 Nh4 25. f4 Nf5 26. Rfe1 h5 27. Qb2+ Kg8
28. Qf6 Qg4 29. Qg5 Qf3 30. Ne7+ Nxe7 31. Qxe7 Qxd5 32. Qf6 1/2-1/2

[Event "Open Semana Santa 2023"]
[Site "?"]
[Date "2023.04.08"]
[Round "6.71"]
[White "Lorenzo Calvo, Damian Angel"]
[Black "Munoz Avila, Jose Luis"]
[Result "0-1"]
[WhiteElo "1997"]
[BlackElo "2237"]
[PlyCount "98"]

1. e4 d6 2. d4 Nf6 3. Nc3 e5 4. Nf3 Nbd7 5. Be2 c6 6. a4 Be7 7. O-O O-O 8. Re1
Re8 9. h3 Qc7 10. a5 Rb8 11. Bf1 Bf8 12. Bg5 h6 13. Bh4 b5 14. axb6 axb6 15.
Qd2 Bb7 16. Bg3 Ra8 17. Rxa8 Rxa8 18. Nh4 b5 19. Nf5 Kh7 20. Bh2 g6 21. Ng3 Qb6
22. Rd1 Re8 23. dxe5 dxe5 24. Kh1 Bc5 25. Bg1 Nf8 26. Nce2 Bxf2 27. Qd6 Kg7 28.
Bxf2 Qxf2 29. Qc7 Qa7 30. Ng1 Qb8 31. Qb6 Ba8 32. Qe3 N8d7 33. Nf3 Qb6 34. Qd2
c5 35. Bd3 Re6 36. c3 c4 37. Bc2 Nc5 38. Qe3 Ncxe4 39. Qxb6 Nxg3+ 40. Kh2 Rxb6
41. Kxg3 Bxf3 42. Kxf3 b4 43. Ke3 b3 44. Bb1 Ra6 45. g3 h5 46. Rd8 Ra1 47. Rd1
Kf8 48. Kd2 Ke7 49. Kc1 Ra6 0-1

[Event "Open Semana Santa 2023"]
[Site "?"]
[Date "2023.04.08"]
[Round "6.72"]
[White "Deusa Ballesteros, Lucas"]
[Black "FM Lozano Ramirez, Nestor Favian"]
[Result "0-1"]
[WhiteElo "1993"]
[BlackElo "2235"]
[PlyCount "78"]

1. c4 c5 2. Nc3 g6 3. g3 Bg7 4. Bg2 Nc6 5. e4 a6 6. Nge2 b5 7. O-O Rb8 8. d3 d6
9. Rb1 Bg4 10. f3 Bd7 11. b3 b4 12. Nd5 e6 13. Ne3 Nge7 14. Bb2 Nd4 15. Nc2 e5
16. Ncxd4 cxd4 17. h3 O-O 18. Kh2 f5 19. Bc1 Qc7 20. f4 Bc6 21. Qc2 Qb7 22. Rg1
Rbc8 23. Bd2 Kh8 24. Rbf1 Ng8 25. g4 fxe4 26. dxe4 Nf6 27. Ng3 exf4 28. Bxf4
Qe7 29. Rf2 Nd7 30. Kh1 Nc5 31. Rd1 Ne6 32. Bc1 Qh4 33. Rd3 Be5 34. Rxf8+ Rxf8
35. Nf1 Rxf1+ 36. Bxf1 Bxe4+ 37. Kg1 Nc5 38. Qd1 Nxd3 39. Bxd3 Qg3+ 0-1

[Event "Open Semana Santa 2023"]
[Site "?"]
[Date "2023.04.08"]
[Round "6.73"]
[White "IM Kovacevic, Slobodan"]
[Black "Piddubna, Bozhena"]
[Result "1-0"]
[WhiteElo "2226"]
[BlackElo "2000"]
[PlyCount "69"]

1. d4 Nf6 2. Nf3 e6 3. Bf4 d5 4. Nbd2 Bd6 5. Bg3 c5 6. e3 Qc7 7. a3 O-O 8. c4
Nbd7 9. Rc1 Bxg3 10. hxg3 e5 11. dxe5 Nxe5 12. cxd5 Neg4 13. Bd3 h6 14. Ne4
Nxe4 15. Bxe4 Qe7 16. Bb1 Rd8 17. O-O Nf6 18. Qc2 b6 19. e4 g6 20. Rfe1 Ng4 21.
Qd2 Bb7 22. Ba2 h5 23. e5 Rxd5 24. Bxd5 Rd8 25. Bxf7+ Kxf7 26. e6+ Kg8 27. Qc2
Kh7 28. Rcd1 Bd5 29. Ne5 Qxe6 30. Nxg4 Qxg4 31. Qc3 Kg8 32. Qe5 Qd7 33. Qf6 Qd6
34. Re8+ Kh7 35. Qh8# 1-0

[Event "Open Semana Santa 2023"]
[Site "?"]
[Date "2023.04.08"]
[Round "6.74"]
[White "Lloret Mauri, Jaime"]
[Black "WFM Prado Acebo, Ines"]
[Result "0-1"]
[WhiteElo "1989"]
[BlackElo "2226"]
[PlyCount "158"]

1. e4 c5 2. c3 Nf6 3. e5 Nd5 4. Nf3 d6 5. d4 cxd4 6. cxd4 Nc6 7. Bc4 Nb6 8. Bb3
dxe5 9. dxe5 Qxd1+ 10. Bxd1 Nc4 11. Ba4 Bd7 12. e6 Bxe6 13. b3 Nb6 14. Bxc6+
bxc6 15. Ba3 g6 16. Nbd2 Bg7 17. Rc1 Bd5 18. O-O e6 19. Rfe1 O-O-O 20. Ne4 Kc7
21. Nfg5 e5 22. Be7 Rde8 23. Bf6 Bxf6 24. Nxf6 Re7 25. Ngxh7 Re6 26. Nxd5+ Nxd5
27. Ng5 Re7 28. Rc2 f6 29. Nf3 Nb4 30. Rc4 Nd3 31. Re3 Rd7 32. g3 a5 33. Re2
Rd6 34. Nd2 f5 35. Ra4 Rd5 36. Nc4 Ra8 37. f3 Rb5 38. Kg2 Rd5 39. Kf1 Kb7 40.
Rc2 Ka6 41. Ne3 Rc5 42. Rd2 Nb4 43. Rd6 Rh8 44. Kg1 Kb5 45. a3 Rc1+ 46. Kg2 Rc3
47. axb4 Rxe3 48. Rxa5+ Kxb4 49. Ra2 Kxb3 50. Rad2 c5 51. Rxg6 c4 52. h4 Rb8
53. Kf2 f4 54. Rdd6 Ra8 55. Rb6+ Kc2 56. Ra6 Rd8 57. Rad6 Rxd6 58. Rxd6 Rd3 59.
Rc6 Rd2+ 60. Kg1 c3 61. g4 Kd3 62. h5 c2 63. g5 e4 64. h6 e3 65. h7 e2 66. Kf2
Rd1 67. Rc3+ Kxc3 68. h8=Q+ Rd4 69. Qc8+ Kd2 70. Qe6 c1=Q 71. Qa2+ Qc2 72. Qa5+
Kd3 73. Qb5+ Rc4 74. Qd5+ Kc3 75. Qa5+ Kb2 76. Qb5+ Qb3 77. Qe5+ Rc3 78. g6
Qb6+ 79. Kxe2 Qe3+ 0-1

[Event "Open Semana Santa 2023"]
[Site "?"]
[Date "2023.04.08"]
[Round "6.75"]
[White "FM Fernandez Siles, Luis"]
[Black "Rodriguez Bittar, Karim Javier"]
[Result "1-0"]
[WhiteElo "2222"]
[BlackElo "1959"]
[PlyCount "45"]

1. e4 c6 2. d4 d5 3. e5 c5 4. c4 e6 5. Nf3 Nc6 6. cxd5 exd5 7. Nc3 cxd4 8. Nxd4
Bb4 9. Bb5 Nge7 10. Bg5 Qa5 11. Bxe7 Bxc3+ 12. bxc3 Qxc3+ 13. Kf1 Kxe7 14. Bxc6
bxc6 15. Rc1 Ba6+ 16. Kg1 Qd3 17. Nxc6+ Kf8 18. Qa4 g6 19. h4 Kg7 20. h5 Rhc8
21. hxg6 Bb5 22. Rxh7+ Kg8 23. Qh4 1-0

[Event "Open Semana Santa 2023"]
[Site "?"]
[Date "2023.04.08"]
[Round "6.76"]
[White "FM Hernandez Leon, Alberto"]
[Black "Martinez Villena, David"]
[Result "0-1"]
[WhiteElo "2218"]
[BlackElo "1958"]
[PlyCount "48"]

1. d4 Nf6 2. c4 e6 3. Nf3 d5 4. g3 dxc4 5. Bg2 c5 6. Qa4+ Bd7 7. Qxc4 b5 8. Qc2
Na6 9. O-O Rc8 10. Bg5 Be7 11. Ne5 cxd4 12. Qd2 h6 13. Bxf6 Bxf6 14. Ng4 Nc5
15. f4 Bc6 16. Bxc6+ Rxc6 17. Na3 a6 18. Nxf6+ Qxf6 19. Rfd1 d3 20. b4 dxe2 21.
Qxe2 Na4 22. Nxb5 O-O 23. Qg2 Rb6 24. Nd6 Rxd6 0-1

[Event "Open Semana Santa 2023"]
[Site "?"]
[Date "2023.04.08"]
[Round "6.77"]
[White "Nazarov, Alexander"]
[Black "WIM Sharma Isha"]
[Result "0-1"]
[WhiteElo "1982"]
[BlackElo "2216"]
[PlyCount "94"]

1. d4 Nf6 2. c4 e6 3. g3 Bb4+ 4. Nd2 c5 5. a3 Bxd2+ 6. Qxd2 cxd4 7. Nf3 d5 8.
cxd5 Qxd5 9. Qxd4 Nc6 10. Qxd5 exd5 11. b4 O-O 12. Bb2 Ne4 13. Bg2 Re8 14. O-O
Nd6 15. e3 Bf5 16. Rfd1 Nc4 17. Bc3 Be4 18. a4 Rac8 19. b5 Ne7 20. Bb4 Nf5 21.
g4 Nh6 22. h3 f5 23. g5 Nf7 24. h4 Nb2 25. Rd2 Nd3 26. Ba3 f4 27. Nd4 fxe3 28.
fxe3 Nfe5 29. Bxe4 dxe4 30. Kg2 g6 31. Re2 Rc3 32. Bd6 Nc4 33. Bg3 Nc1 34. Re1
Nb3 35. Nxb3 Rxb3 36. Bf4 Rd8 37. Rad1 Rdd3 38. Rc1 Rb4 39. Rc2 Rxa4 40. Rec1
Nxe3+ 41. Bxe3 Rxe3 42. Rc8+ Kf7 43. R8c7+ Ke6 44. Rxb7 Ra2+ 45. Kg1 Kf5 46.
Rf1+ Kg4 47. Rf2 Kg3 0-1